000 00495nam a2200181Ia 4500
003 GCL
008 140319s9999 xx 000 0 eng d
040 _aGCL /
_cGCL
082 0 4 _a709.41
_bB T
100 1 _aBINDMAN, DAVID
245 1 0 _aTHE THAMES AND HUDRON ENCYCLOPAEDIA OF BRITISH ART /
_cBINDMAN, DAVID
260 _a[S.N] :
_bTHAMES AND HUDSON ،
_c1985
300 _a320 PP
650 0 4 _aART, ENGLAND
650 0 4 _aARTS
650 0 4 _aENCYCLOPEDIAS AND DICTIONARIES
942 _2ddc
_cBK
999 _c19010
_d19010